<?xml version="1.0" encoding="UTF-8"?>
<marc:record xmlns:marc="http://www.loc.gov/MARC21/slim">
   <marc:leader>00000nam a2200000 a 4500</marc:leader>
   <marc:datafield ind1="1" ind2=" " tag="100">
      <marc:subfield code="a">Dutzler, Herbert</marc:subfield>
      <marc:subfield code="4">aut</marc:subfield>
      <marc:subfield code="e">Verfasser/-in</marc:subfield>
   </marc:datafield>
   <marc:datafield ind1="0" ind2="0" tag="245">
      <marc:subfield code="a">Letzter Tropfen</marc:subfield>
   </marc:datafield>
   <marc:datafield ind1="0" ind2="0" tag="245">
      <marc:subfield code="b">Ein Altaussee_Krimi</marc:subfield>
   </marc:datafield>
   <marc:datafield ind1="0" ind2="0" tag="245">
      <marc:subfield code="c">Dutzler, Herbert</marc:subfield>
   </marc:datafield>
   <marc:datafield ind1="1" ind2=" " tag="520">
      <marc:subfield code="a">Topmodels und Tote im Auseerland! Nicht genug damit,dass die Dreharbeiten einer bekannten Model-Castingshow die beschauliche Idylle in Altaussee stören: Eines Morgens wird auch noch der Set-Fotograf tot im See aufgefunden - und ausgerechnet Franz Gasperlmaier muss im Fashion-Milieu ermitteln. Die ungeschminkte Wahrheit hinter der glamourösen Fassade der beliebten Sendung ist alles andere als schön. Wie gut, dass der Nachbar am Gartenzaun einen edlen Tropfen und einen guten Rat für Gasperlmaier parat hat....</marc:subfield>
   </marc:datafield>
   <marc:datafield ind1=" " ind2=" " tag="020">
      <marc:subfield code="a">9783709979457</marc:subfield>
      <marc:subfield code="9">9783709979457</marc:subfield>
   </marc:datafield>
   <marc:datafield ind1=" " ind2=" " tag="020">
      <marc:subfield code="a">3709979455</marc:subfield>
      <marc:subfield code="9">3709979455</marc:subfield>
   </marc:datafield>
</marc:record>
